1967 steam charts (Record no. 20544)

000 -LEADER
fixed length control field 00500nam a22001931 4500
001 - CONTROL NUMBER
control field 20544
003 - CONTROL NUMBER IDENTIFIER
control field BD-DhUET
008 - FIXED-LENGTH DATA ELEMENTS--GENERAL INFORMATION
fixed length control field 700914s1968 nyua 000 0 eng
020 ## - INTERNATIONAL STANDARD BOOK NUMBER
International Standard Book Number 0713130458
040 ## - CATALOGING SOURCE
Original cataloging agency DLC
Transcribing agency DLC
Modifying agency BD-DhUET
082 ## - DEWEY DECIMAL CLASSIFICATION NUMBER
Classification number 621.101084
Item number ELE/1967
110 ## - MAIN ENTRY--CORPORATE NAME
Corporate name or jurisdiction name as entry element Electrical Research Association
245 10 - TITLE STATEMENT
Title 1967 steam charts
250 ## - EDITION STATEMENT
Edition statement 1st ed.
260 ## - PUBLICATION, DISTRIBUTION, ETC. (IMPRINT)
Place of publication, distribution, etc. London
Name of publisher, distributor, etc. Edward Arnold
Date of publication, distribution, etc. 1967
300 ## - PHYSICAL DESCRIPTION
Extent vii, 64 p. (chiefly illus., part col.)
Dimensions 31 cm.
650 #0 - SUBJECT ADDED ENTRY--TOPICAL TERM
Topical term or geographic name as entry element Steam
942 ## - ADDED ENTRY ELEMENTS (KOHA)
Koha item type Corporate Publication
Holdings
Not for loan Shelving location Koha item type Koha full call number Damaged status Source of classification or shelving scheme Koha date last seen Price effective from Piece designation (barcode) Sublocation or collection (holding branch) Withdrawn status Lost status Copy number Location (home branch) Koha normalized classification for sorting Date acquired
 Circulation sectionCorporate Publication621.101084/ELE/1967  2015-04-122015-04-1218295Central Library, BUET  1Central Library, BUET621_101084000000000_ELE_19672015-04-12
 Circulation sectionCorporate Publication621.101084/ELE/1967  2015-04-122015-04-1218293Central Library, BUET  2Central Library, BUET621_101084000000000_ELE_19672015-04-12
 Circulation sectionCorporate Publication621.101084/ELE/1967  2015-04-122015-04-1213166Central Library, BUET  3Central Library, BUET621_101084000000000_ELE_19672015-04-12
 Circulation sectionCorporate Publication621.101084/ELE/1967  2015-04-122015-04-1213162Central Library, BUET  4Central Library, BUET621_101084000000000_ELE_19672015-04-12
 Circulation sectionCorporate Publication621.101084/ELE/1967  2015-04-122015-04-1218297Central Library, BUET  5Central Library, BUET621_101084000000000_ELE_19672015-04-12
 Circulation sectionCorporate Publication621.101084/ELE/1967  2015-04-122015-04-1218296Central Library, BUET  6Central Library, BUET621_101084000000000_ELE_19672015-04-12
 Circulation sectionCorporate Publication621.101084/ELE/1967  2015-04-122015-04-1218294Central Library, BUET  7Central Library, BUET621_101084000000000_ELE_19672015-04-12
 Circulation sectionCorporate Publication621.101084/ELE/1967  2015-04-122015-04-1218300Central Library, BUET  8Central Library, BUET621_101084000000000_ELE_19672015-04-12
 Circulation sectionCorporate Publication621.101084/ELE/1967  2015-04-122015-04-1213163Central Library, BUET  9Central Library, BUET621_101084000000000_ELE_19672015-04-12
 Circulation sectionCorporate Publication621.101084/ELE/1967  2015-04-122015-04-1218299Central Library, BUET  10Central Library, BUET621_101084000000000_ELE_19672015-04-12
 Circulation sectionCorporate Publication621.101084/ELE/1967  2015-04-122015-04-1213165Central Library, BUET  11Central Library, BUET621_101084000000000_ELE_19672015-04-12
 Circulation sectionCorporate Publication621.101084/ELE/1967  2015-04-122015-04-1218302Central Library, BUET  12Central Library, BUET621_101084000000000_ELE_19672015-04-12
 Circulation sectionCorporate Publication621.101084/ELE/1967  2015-04-122015-04-1218301Central Library, BUET  13Central Library, BUET621_101084000000000_ELE_19672015-04-12